| 000 | 02285nam a2200445 a 4500 | ||
|---|---|---|---|
| 001 | vtls003238385 | ||
| 003 | MY-SjTCS | ||
| 005 | 20200226115411.0 | ||
| 006 | m u | ||
| 007 | cr cn||||||||| | ||
| 008 | 120829s2011 txu sb 001 0 eng d | ||
| 010 | _z2010-029263 | ||
| 020 | _z9781603442343 (cloth : alk. paper) | ||
| 020 | _z1603442340 (cloth : alk. paper) | ||
| 020 | _z9781603442350 (pbk. : alk. paper) | ||
| 020 | _z1603442359 (pbk. : alk. paper) | ||
| 020 | _z1603442367 (e-book) | ||
| 020 | _z9781603442367 (e-book) | ||
| 035 | _a(OCoLC)715189029 | ||
| 035 | _a(CaPaEBR)ebr10456031 | ||
| 039 | 9 |
_y201208291106 _zwilmina |
|
| 040 |
_aCaPaEBR _cCaPaEBR |
||
| 043 | _an-us-tx | ||
| 050 | 1 | 4 |
_aF385.2 _b.B49 2011eb |
| 082 | 0 | 4 |
_a976.40072/2 _222 |
| 245 | 0 | 0 |
_aBeyond Texas through time _h[electronic resource] : _bbreaking away from past interpretations / _cedited by Walter L. Buenger and Arnoldo De León. |
| 250 | _a1st ed. | ||
| 260 |
_aCollege Station [Tex.] : _bTexas A&M University Press, _c2011. |
||
| 300 | _axx, 295 p. | ||
| 504 | _aIncludes bibliographic references and index. | ||
| 505 | 0 | _aThree truths in Texas / Walter L. Buenger -- Into the mainstream: the emergence of a new Texas Indian history / Pekka Hämäläinen -- Strange brew: recent Texas political, economic, and military history / Keith J. Volanto -- Why is Big Tex still a white cowboy? race, gender, and the "other Texans" / Michael Phillips -- Deconstructing Texas: the diversity of people, place, and historical imagination in recent Texas history / Carlos Kevin Blanton -- Beyond parochialism: modernization and Texas historiography / Nancy Beck Young. | |
| 533 |
_aElectronic reproduction. _bPalo Alto, Calif. : _cebrary, _d2011. _nAvailable via World Wide Web. _nAccess may be limited to ebrary affiliated libraries. |
||
| 650 | 0 |
_aCultural pluralism _zTexas. |
|
| 651 | 0 |
_aTexas _xHistoriography. |
|
| 655 | 7 |
_aElectronic books. _2local |
|
| 700 | 1 |
_aBuenger, Walter L. _q(Walter Louis), _d1951- |
|
| 700 | 1 |
_aDe Leon, Arnoldo, _d1945- |
|
| 710 | 2 |
_aebrary, Inc. _925628 |
|
| 856 | 4 | 0 |
_uhttps://ezproxy.taylors.edu.my/login?url=http://site.ebrary.com/lib/taylorscollege/Doc?id=10456031 _zAn electronic book accessible through the World Wide Web; click to view |
| 999 | _c147954 | ||